Socioeconomic Factors and Shifts in Ideological Orientation Among Political Parties: Parliamentary Elections in Slovakia From 1998 To 2020
Analýza volebných výsledkov politických strán a ideologických blokov v parlamentných voľbách v Slovenskej republike v rokoch 1998 až 2020 v 79 okresoch. Politická situácia na Slovensku v rokoch 1998 až 2020.
Enregistré dans:
| Auteur principal: | |
|---|---|
| Autres auteurs: | |
| Format: | Chapitre de livre |
| Langue: | anglais |
| Sujets: | |
| Tags: |
Pas de tags, Soyez le premier à ajouter un tag!
|
MARC
| LEADER | 00000naa a2200000 4500 | ||
|---|---|---|---|
| 001 | 0280848 | ||
| 005 | 20240502083858.8 | ||
| 041 | 0 | |a eng | |
| 044 | |a DE | ||
| 245 | 1 | 0 | |a Socioeconomic Factors and Shifts in Ideological Orientation Among Political Parties: Parliamentary Elections in Slovakia From 1998 To 2020 |c Tomáš Bačo, Eduard Baumöhl |
| 520 | |a Analýza volebných výsledkov politických strán a ideologických blokov v parlamentných voľbách v Slovenskej republike v rokoch 1998 až 2020 v 79 okresoch. Politická situácia na Slovensku v rokoch 1998 až 2020. | ||
| 610 | 2 | 0 | |a politika |
| 610 | 2 | 0 | |a populizmus |
| 610 | 2 | 0 | |a voľby |
| 100 | 1 | |a Bačo, Tomáš, 1981- | |
| 700 | 1 | |a Baumöhl, Eduard, 1982- | |